000 00619nam a2200193 a 4500
005 20240806063913.0
008 030619s1974 mx r 000 0 spa d
035 _aUPN01000126219
049 _aSEP
050 4 _aAC75
_bS4 no.157
100 1 _aGutiérrez Nájera, Manuel,
_d1859-1895
_928399
245 1 0 _aDivagaciones y fantasías :
_bcrónicas de Manuel Gutiérrez Nájera /
_cselec., estudio prel. y notas de Boyd G. Carter.
260 _aMéxico :
_bSEP,
_c1974.
300 _a220 p.
440 0 _aSepSetentas ;
_v157
650 4 _aLiteratura mexicana
_94466
700 1 _aCarter, Boyd G.,
_ecomp.
905 _aLibro
999 _c98398
_d98398